000 00572nam a22002297a 4500
003 OSt
005 20180116182958.0
008 140617b xxu||||| |||| 00| 0 eng d
020 _a9788120344839
022 _a9788120344839
040 _c0
050 _a346.6041
082 _a346.6041
100 _aBhatia,Nishwan
245 _aCorporate and Compensation Laws.
_cNishwan Bhatia
260 _aNew Delhi
_bPHI Learning.
_c2012
300 _a379p.
500 _aPaper Cover
600 _aBhatia,Nishwan
700 _aBhatia,Nishwan
942 _2ddc
_cBK
_k346.6041
999 _c349721
_d349721